Schiller's der Neffe als Onkel : (Record no. 24045)
[ view plain ]
| 000 -LEADER | |
|---|---|
| fixed length control field | 01025cam a22002891a 4500 |
| 001 - CONTROL NUMBER | |
| control field | g 01002743 |
| 003 - CONTROL NUMBER IDENTIFIER | |
| control field | DLC |
| 005 - DATE AND TIME OF LATEST TRANSACTION | |
| control field | 20260227111258.0 |
| 008 - FIXED-LENGTH DATA ELEMENTS--GENERAL INFORMATION | |
| fixed length control field | 870206s1898 nyu 000 0 eng |
| 010 ## - LIBRARY OF CONGRESS CONTROL NUMBER | |
| LC control number | g 01002743 |
| 035 ## - SYSTEM CONTROL NUMBER | |
| System control number | (OCoLC)15159401 |
| 040 ## - CATALOGING SOURCE | |
| Original cataloging agency | DLC |
| Transcribing agency | PPiU |
| Modifying agency | DLC |
| 041 0# - LANGUAGE CODE | |
| Language code of text/sound track or separate title | engger |
| 042 ## - AUTHENTICATION CODE | |
| Authentication code | premarc |
| 050 00 - LIBRARY OF CONGRESS CALL NUMBER | |
| Classification number | PT2468.N4 |
| Item number | G7 |
| 100 1# - MAIN ENTRY--PERSONAL NAME | |
| Personal name | Schiller, Friedrich, |
| Dates associated with a name | 1759-1805. |
| 240 14 - UNIFORM TITLE | |
| Uniform title | Der Neffe als Onkel. |
| Date of a work | 1898 |
| 245 10 - TITLE STATEMENT | |
| Title | Schiller's der Neffe als Onkel : |
| Remainder of title | with footnotes and vocabulary / |
| Statement of responsibility, etc. | introduction by E.M. Granger. |
| 260 ## - PUBLICATION, DISTRIBUTION, ETC. | |
| Place of publication, distribution, etc. | New York : |
| Name of publisher, distributor, etc. | Hinds & Noble, |
| Date of publication, distribution, etc. | 1898. |
| 300 ## - PHYSICAL DESCRIPTION | |
| Extent | 9, 94 p. : |
| Other physical details | port. ; |
| Dimensions | 18 cm. |
| 440 #0 - SERIES STATEMENT/ADDED ENTRY--TITLE | |
| Title | Hinds and Noble's German classics |
| 500 ## - GENERAL NOTE | |
| General note | A free translation of Picard's Encore des Ménechmes. |
| 530 ## - ADDITIONAL PHYSICAL FORM AVAILABLE NOTE | |
| Additional physical form available note | Also available in digital form on the Internet Archive Web site. |
| 700 1# - ADDED ENTRY--PERSONAL NAME | |
| Personal name | Granger, E. M. |
| 700 1# - ADDED ENTRY--PERSONAL NAME | |
| Personal name | Picard, L.-B. |
| Fuller form of name | (Louis-Benoît), |
| Dates associated with a name | 1769-1828. |
| Title of a work | Encore des Ménechmes. |
| 856 41 - ELECTRONIC LOCATION AND ACCESS | |
| Uniform Resource Identifier | <a href="http://hdl.loc.gov/loc.gdc/scd0001.00220123212">http://hdl.loc.gov/loc.gdc/scd0001.00220123212</a> |
No items available.